[Event "11th A.Margaryan Memorial 2021"]
[Site "Yerevan"]
[Date "2021.01.12"]
[Round "4.4"]
[White "Lobanov, Sergei"]
[Black "Babujian, Levon"]
[Result "1-0"]
[WhiteElo "2510"]
[BlackElo "2440"]
[Annotator "TA"]
[PlyCount "111"]
[EventDate "2021.01.09"]
[EventType "tourn"]
[EventCountry "ARM"]
[SourceTitle "playchess.com"]
[Source "ChessBase"]
[SourceQuality "1"]

{[%evp 18,111,0,0,43,39,54,53,48,52,60,43,47,45,45,44,42,50,36,23,25,13,6,6,21,25,18,15,28,39,41,5,12,5,13,13,13,13,13,13,14,17,89,76,178,178,178,176,176,176,176,176,165,165,158,160,162,163,163,172,173,0,0,0,164,172,216,216,267,259,314,313,300,293,5188,3847,29982,2470,29983,29983,29983,29982,29982,29983,29984,7004,12237,6797,29983,29984,29984,29985,29985,29986,29986,29987]} 1. e4 e5 2. Nf3 Nc6 3. Bb5 a6 4. Ba4 Nf6 5. O-O Be7 6. d3 b5 7. Bb3 O-O 8. Nc3 d6 9. a3 Bg4 {9...Na5 might become the main line.} 10. Be3 Kh8 {C84: Closed Ruy Lopez: Unusual White 6th moves.} (10... Nd4 $5) 11. h3 {[#]} Bxf3 $146 ({Predecessor:} 11... Be6 12. Nd5 Na5 13. Ba2 Nxd5 14. exd5 Bd7 15. b4 Nb7 16. c4 a5 17. c5 dxc5 18. bxc5 Bxc5 19. Nxe5 Bxe3 20. fxe3 {½-½ (42) Paehtz,E (2464)-Kosteniuk,A (2557) Riadh 2017}) 12. Qxf3 Nd4 {White is slightly better.} 13. Bxd4 exd4 14. Nd5 Nd7 15. a4 {Threatens to win with axb5.} c6 16. Nxe7 Qxe7 17. axb5 Ne5 18. Qg3 {Hoping for f4.} axb5 19. f4 {Strongly threatening Rxa8.} Nd7 20. Qf2 c5 21. Bd5 Rxa1 22. Rxa1 Nf6 23. Bc6 Rb8 24. Ra5 b4 25. Ba4 Qd8 26. Ra7 Ra8 27. Rxa8 Qxa8 28. Bb3 d5 29. e5 Nd7 (29... Ng8 $1 $11) 30. Qh4 $16 {And now Qe7 would win.} f6 (30... c4 $16 31. dxc4 Nc5) 31. Qg4 $18 Qc6 32. e6 $36 {[%mdl 2048] Black is under strong pressure.} Nb6 33. e7 Kg8 {[#]} 34. Qh5 g6 {[#]} 35. Bxd5+ $1 {[%mdl 512]} Nxd5 {[#]} 36. Qxd5+ {[%mdl 512]} Qxd5 37. e8=Q+ {[%mdl 4096] Endgame KQ-KQ} Kg7 38. Qe7+ Kg8 39. Qe8+ $2 ({Only move:} 39. Qxf6 $18 c4 40. Qa6) 39... Kg7 $11 40. Qe7+ $2 (40. Kf2 $11) 40... Kg8 $18 {White now steadily converts the win.} 41. Qxf6 b3 {[#]} 42. c3 Qa8 43. Qe6+ Kg7 44. Qxb3 Qa1+ 45. Kh2 Qc1 $2 (45... Qa7 46. cxd4 Qc7) 46. Qb7+ Kh6 47. Qb8 (47. Qf7 $142 Qd2 48. Qf8+ Kh5 49. Qxc5+ Kh6 50. Qf8+ Kh5 51. cxd4 h6 52. d5) 47... Qd2 48. Qf8+ Kh5 49. Qxc5+ Kh6 50. Qxd4 Qxb2 51. Qd6 (51. Qf6 $142 Qb8 52. d4 Qg8 53. d5 Qb8 54. d6 Qa7 55. c4 Qd7 56. c5) 51... Kg7 52. c4 Qf2 53. c5 {White mates.} h5 54. c6 h4 55. Qe5+ Kf7 56. c7 {Weighted Error Value: White=0.11/Black=0.66} 1-0

[Event "11th A.Margaryan Memorial 2021"]
[Site "Yerevan"]
[Date "2021.01.12"]
[Round "4.5"]
[White "Makaryan, Rudik"]
[Black "Lazavik, Denis"]
[Result "0-1"]
[WhiteElo "2461"]
[BlackElo "2436"]
[Annotator "TA"]
[PlyCount "163"]
[EventDate "2021.01.09"]
[EventType "tourn"]
[EventCountry "ARM"]
[SourceTitle "playchess.com"]
[Source "ChessBase"]
[SourceQuality "1"]

{[%evp 15,163,21,21,9,15,0,0,0,0,0,6,0,7,-29,-24,-47,-43,-32,-25,-96,-82,-101,-93,-131,-148,-185,-180,-179,-182,-246,-240,-241,-253,-241,-241,-283,-274,-317,-316,-285,-297,-378,-351,-470,-465,-436,-279,-310,-338,-361,-347,-331,-301,-287,-286,-398,-385,-366,-350,-468,-462,-495,-482,-589,-569,-575,-549,-753,-753,-746,-747,-642,-760,-703,-731,-731,-709,-797,-797,-673,-612,-612,-584,-603,-599,-559,-548,-782,-619,-590,-555,-732,-797,-797,-797,-811,-802,-833,-827,-810,-789,-782,-782,-789,-789,-789,-789,-789,-789,-789,-772,-789,-789,-789,-789,-752,-782,-782,-782,-929,-775,-764,-757,-762,-768,-768,-768,-763,-762,-768,-768,-768,-768,-753,-753,-753,-753,-746,-742,-745,-724,-827,-821,-943,-938,-913,-887,-29976,-29977,-29973]} 1. d4 d5 2. c4 c6 3. Nf3 Nf6 4. Nc3 dxc4 5. a4 Bf5 6. Ne5 Nbd7 7. Nxc4 Nb6 8. Ne5 a5 9. f3 {9.e3 is more advanced technology. D17: Slav Defence: 5 a4 Bf5: Lines with 6 Nh4 and 6 Ne5.} Nfd7 10. e4 Nxe5 11. dxe5 {The position is equal.} Qxd1+ 12. Nxd1 Be6 {[#]} 13. Nf2 $146 ({Predecessor:} 13. Be3 Nc4 14. f4 O-O-O 15. Bxc4 Bxc4 16. Bb6 Rd7 17. Ne3 Bd3 18. e6 fxe6 19. Bxa5 {½-½ (75) Wieczorek,O (2468)-Nasuta,G (2520) Legnica 2018}) 13... g6 14. h4 Nd7 {[%cal Bb6d7,Bd7c5,Bc5e4][%mdl 32]} 15. f4 f6 16. h5 {Hoping for hxg6.} Rg8 17. Nh3 (17. hxg6 $11 {keeps the balance.} hxg6 18. exf6) 17... Nc5 $17 {Black continues to play with concentration.} ({Of course not} 17... fxe5 $6 18. hxg6 hxg6 19. Ng5 $14) ({But not} 17... gxh5 $6 18. f5 $14) 18. hxg6 hxg6 19. f5 gxf5 20. Be3 Nxe4 21. Nf4 {[#]} Bb3 22. Ra3 (22. e6 $142) 22... fxe5 $19 23. Rxb3 {Strongly threatening Ne6.} exf4 24. Bxf4 e5 25. Bxe5 Bb4+ 26. Rxb4 axb4 27. Bc4 Rxa4 {aiming for ...Ra1+.} 28. b3 Ra5 29. Bd4 Rf8 30. Rh7 Nd6 31. Be6 {White threatens Bd7+ and mate.} Nf7 32. Bf6 Ra2 33. g3 Rg2 34. Bh4 Rh2 35. Kf1 Rd2 36. Rg7 f4 37. Ke1 Rd6 38. Bc8 Rh8 39. Bxb7 Kf8 40. Rg4 Rd4 41. Bf6 Rh1+ 42. Ke2 f3+ {[%mdl 64] [#] Discovered Attack, Deflection, Decoy} 43. Kxf3 Rf1+ 44. Ke2 Rxg4 45. Kxf1 Rxg3 {[%mdl 4096] Endgame KRN-KB} 46. Ke2 c5 47. Bd5 Rg6 48. Bh4 {Now Bf2 and White clings on.} Ne5 49. Bf2 Nd7 50. Be4 Re6 51. Kd3 Ke7 52. Bf5 Re5 53. Bh4+ Nf6 54. Bc8 Rd5+ 55. Ke2 Rh5 56. Bg3 Ne4 57. Bf4 Nd6 58. Bg4 Rd5 59. Bf3 Rf5 60. Be3 Re5 61. Kd3 Kd7 62. Bf4 Re1 63. Be3 Rb1 64. Kc2 Rf1 65. Be2 Re1 66. Kd2 Ra1 67. Bf3 Ra5 68. Kc2 Kc7 69. Bf4 Ra2+ 70. Kd3 Rf2 71. Ke3 Rf1 72. Ke2 Rb1 73. Bd5 Rb2+ 74. Kd3 Rf2 75. Ke3 Rf1 76. Bf3 Rg1 77. Kd3 Rg6 78. Bh5 Rf6 79. Ke3 Kb6 80. Bg5 Nf5+ 81. Kf4 Ng7+ {[%mdl 64] Discovered Attack} 82. Ke4 {Weighted Error Value: White=0.40/Black=0.05} 0-1

[Event "11th A.Margaryan Memorial 2021"]
[Site "Yerevan"]
[Date "2021.01.13"]
[Round "5.1"]
[White "Lazavik, Denis"]
[Black "Barseghyan, Armen Ar."]
[Result "1-0"]
[WhiteElo "2436"]
[BlackElo "2362"]
[Annotator "TA"]
[PlyCount "95"]
[EventDate "2021.01.09"]
[EventType "tourn"]
[EventCountry "ARM"]
[SourceTitle "playchess.com"]
[Source "ChessBase"]
[SourceQuality "1"]

{[%evp 18,95,33,22,28,15,72,68,54,78,67,47,65,73,100,85,96,44,60,15,75,24,14,17,54,28,31,20,36,0,41,34,56,41,46,46,51,-19,31,17,152,152,137,83,63,59,87,79,197,191,188,171,290,290,365,319,389,256,264,249,250,231,480,503,738,698,723,692,712,722,814,822,811,799,867,864,2036,1331,1231,1229]} 1. d4 f5 2. Nf3 Nf6 3. g3 g6 4. Bg2 Bg7 5. O-O O-O 6. b3 d6 7. Bb2 c6 8. c4 a5 9. Nc3 Na6 10. Re1 Qc7 {A88: Dutch Defence: Leningrad System: 5 Nf3 0-0 6 0-0 d6 7 Nc3 c6.} 11. e4 fxe4 (11... e5 $1 $11) 12. Nxe4 $16 Nxe4 {White is slightly better.} 13. Rxe4 Bf5 14. Re3 Rae8 {[#]} 15. h3 $146 ({Predecessor:} 15. Qe2 Nb4 16. Nh4 Bc8 17. a3 Na6 18. Re1 Bf6 19. d5 Bxb2 20. Qxb2 Rf7 21. dxc6 bxc6 {1-0 (35) Rustemov,A (2525)-Oparin,G (2652) chess.com INT 2020}) 15... a4 16. g4 Bc8 17. Qe2 ({White should try} 17. bxa4 $16 Nc5 18. Ng5) 17... e6 18. Re1 Qd8 (18... Bh6 $11 {keeps the balance.}) 19. Re4 (19. bxa4 $16 Rf7 20. Ba3) 19... axb3 $11 20. axb3 b6 21. Bc1 c5 22. d5 {[%cal Rd5e6]} e5 23. Nh2 Nc7 24. Nf1 Bf6 25. Bh6 Rf7 26. Qd2 Bh4 {[#] White must now prevent ...g5.} 27. Be3 ({White should play} 27. Ng3 $14) 27... h6 (27... Ref8 {keeps more tension.} 28. Ng3 g5 29. Qc1 Kh8 30. Rf1 Ne8) 28. Ng3 Bg5 (28... g5 $11 {remains equal.}) 29. Bxg5 $16 hxg5 30. R4e2 (30. Ra1 $142) 30... Na6 31. Ne4 Rf4 {White now steadily converts the win.} 32. Ra1 $36 {[%mdl 2048] White is really pushing.} Qe7 (32... Ref8 $16) 33. Ra4 Bb7 34. Re1 Ref8 (34... Rc8 {was called for.} 35. Rea1 Nb8) 35. Rea1 $18 Nc7 36. Ra7 Ne8 37. Rf1 R8f7 38. b4 Qd8 39. Rb1 Bc8 $2 (39... Kh7 {is a better defense.} 40. bxc5 dxc5) 40. Ra8 {White is clearly winning.} Kg7 41. bxc5 dxc5 42. Qb2 Rxe4 43. Bxe4 Nd6 44. Qxe5+ Kh6 45. Bd3 Re7 46. Qc3 ({And not} 46. Qf6 {[#]} Re1+ $1 47. Rxe1 Qxf6 $11) 46... Nf7 47. Re1 Rxe1+ 48. Qxe1 {Weighted Error Value: White=0.18/Black=0.42} 1-0

[Event "11th A.Margaryan Memorial 2021"]
[Site "Yerevan"]
[Date "2021.01.13"]
[Round "5.2"]
[White "Babujian, Levon"]
[Black "Makaryan, Rudik"]
[Result "1/2-1/2"]
[WhiteElo "2440"]
[BlackElo "2461"]
[Annotator "TA"]
[PlyCount "141"]
[EventDate "2021.01.09"]
[EventType "tourn"]
[EventCountry "ARM"]
[SourceTitle "playchess.com"]
[Source "ChessBase"]
[SourceQuality "1"]

{[%evp 24,141,0,0,11,-13,0,0,0,-6,0,-9,0,0,0,0,22,0,0,0,0,0,0,0,0,0,0,0,0,0,0,-14,-14,-24,-20,-73,0,0,53,0,162,105,104,104,191,170,176,190,132,139,175,175,229,82,195,88,74,49,49,4,4,4,153,150,106,113,117,151,108,77,223,56,43,56,40,14,14,28,80,80,80,6,6,6,6,0,6,13,13,13,13,13,13,0,0,0,0,0,0,0,0,0,0,0,0,0,0,0,0,0,0,0,0,0,0,0,1,0,12848,0]} 1. d4 Nf6 2. c4 e6 3. Nf3 b6 4. g3 Bb7 5. Bg2 Be7 6. O-O O-O 7. d5 exd5 8. Nh4 c6 9. cxd5 Nxd5 10. Nf5 Nc7 11. Nc3 d5 12. e4 Nba6 13. exd5 cxd5 {E17: Queen's Indian: 4 g3 Bb7 5 Bg2 Be7.} 14. Bf4 Bf6 15. Rc1 Qd7 {The position is equal.} 16. Qg4 Kh8 17. Rfd1 g6 {[#]} 18. Ne4 $146 ({Predecessor:} 18. Ne3 Rad8 19. b4 h5 20. Qf3 Bxc3 21. Rxc3 Ne6 22. a3 f6 23. Nxd5 Qf7 24. Bh6 {½-½ (30) Goy,U (1942)-Zundel,W (2225) GER email 2012}) 18... Bxb2 19. Qe2 $1 {[%cal Re2b2]} Qb5 20. Qc2 (20. Rc4 {seems wilder.} dxc4 21. Ned6 Rae8 22. Ne3 Qb4 23. Nxe8 Nxe8 24. Bxb7 Nc5 25. Nxc4 Nxb7 26. Nxb2 Ng7 27. Bh6) 20... dxe4 ({Don't go for} 20... Bxc1 $2 21. Be5+ f6 22. Nxf6 $18) 21. Nd6 Bxc1 22. Nxb5 Bxf4 23. gxf4 Nxb5 24. Qb2+ Kg8 {Hoping for ...Nbc7.} 25. Qxb5 Nc5 26. h4 Bc8 27. Qb2 Bg4 28. Rd4 Rfe8 29. Qa3 (29. Rd6 $11) 29... Bf5 (29... h5 $17) 30. h5 $11 Ne6 (30... f6 $11) 31. Rd6 (31. Ra4 $14) 31... Rad8 $2 (31... gxh5 $11 {and Black is okay.} 32. Qg3+ Ng7) 32. h6 (32. Rxd8 $1 $18 Rxd8 33. Qxa7) 32... Rxd6 $16 33. Qxd6 Rd8 (33... Rc8 $16) 34. Qe7 $1 $18 {[%mdl 1024] White has strong compensation.} Rd1+ 35. Kh2 Rd2 36. Kg3 Rd3+ 37. Kh4 Rd4 (37... Rd2 $142) 38. Qe8+ ({Don't play} 38. Qxa7 $6 Rd2 $16) 38... Nf8 39. Bf1 (39. Qe5 $1 $18 {[%csl Gh6][%cal Re5g7] is the precise move to win.} Ne6 40. Qb8+ Rd8 41. Qxa7) 39... Rd5 $16 40. Bc4 Bd7 41. Qxe4 (41. Qe7 $5 {[%cal Rc4d5]} g5+ 42. Kg3 gxf4+ 43. Kg2 $16) 41... Rh5+ 42. Kg3 {With the idea Qe7.} Rxh6 (42... Rh3+ $11 {remains equal.} 43. Kg2 Rxh6) 43. Qe7 Be6 44. Bxe6 fxe6 45. Qxa7 {[%mdl 4096] Endgame KQ-KRN} b5 {[#]} 46. f5 $1 {[%cal Rf5f6]} gxf5 (46... exf5 $16 {was called for.} 47. Qb8 f4+ 48. Kxf4 (48. Qxf4 Rh5 $14) 48... Rh5) 47. Qb8 $2 (47. Qc5 $18) 47... f4+ $1 $14 48. Qxf4 Rg6+ 49. Kh4 {Black must now prevent Qe5.} h6 $1 50. Kh5 Rg5+ (50... Kg7 $11 51. Qc7+ Kg8) 51. Kxh6 $16 Rf5 {[#]} 52. Qg3+ (52. Qc7 $1 $16 {[%csl Gh6][%cal Rc7g7]} Rf6+ 53. Kh5) 52... Kf7 $11 53. Qc7+ Ke8 54. f4 Rf6+ 55. Kg5 Rf5+ 56. Kg4 Ng6 57. Qd6 Nxf4 58. a3 Kf7 59. Qd7+ Kf6 60. Qd4+ Kg6 61. Qd7 Kf6 62. Qd4+ Ke7 63. Qa7+ Ke8 64. Qb8+ Ke7 65. Qa7+ Kf8 66. Qd7 Kg8 67. Qe7 Kh8 68. Qd7 Kg8 69. Qe7 Kh8 70. Qd7 Ng6 $2 {[%mdl 8192]} (70... Kg8 $11) 71. Qc7 $2 {Weighted Error Value: White=0.19/Black=0.22} (71. Qxe6 $18 Rf1 72. Qe8+ Kg7 73. Qxb5 Rg1+ 74. Kf3) 1/2-1/2

[Event "11th A.Margaryan Memorial 2021"]
[Site "Yerevan"]
[Date "2021.01.13"]
[Round "5.3"]
[White "Sargsyan, Anna M."]
[Black "Lobanov, Sergei"]
[Result "1/2-1/2"]
[WhiteElo "2402"]
[BlackElo "2510"]
[Annotator "TA"]
[PlyCount "184"]
[EventDate "2021.01.09"]
[EventType "tourn"]
[EventCountry "ARM"]
[SourceTitle "playchess.com"]
[Source "ChessBase"]
[SourceQuality "1"]

{[%evp 11,184,7,39,28,32,0,0,0,0,0,0,0,0,-1,0,-7,0,-13,-12,-70,-47,-63,-69,-78,-73,-95,-82,-75,-35,-122,-122,-118,-126,-137,-123,-117,-75,-113,31,33,76,69,73,67,87,82,74,74,256,256,256,256,384,378,368,360,316,239,299,231,231,225,299,279,258,258,301,301,458,458,458,214,214,214,214,206,206,181,225,226,225,225,225,221,225,225,260,195,191,189,192,191,185,183,179,128,132,0,184,188,188,188,188,183,186,101,188,148,150,156,156,156,146,150,311,311,290,183,183,179,169,0,136,135,107,123,226,226,326,272,326,326,326,326,326,326,326,326,312,272,312,312,312,304,300,272,271,264,264,262,262,262,229,79,77,0,0,0,0,0,0,0,0,0,0,0,0,0,0,0,0,0,0,0,0]} 1. d4 Nf6 2. c4 e6 3. Nf3 d5 4. Nc3 Bb4 5. Bg5 h6 6. Bh4 Nbd7 7. cxd5 {D51: Queen's Gambit Declined: 4 Bg5 Nbd7 sidelines.} exd5 8. Rc1 g5 9. Bg3 Ne4 10. Nd2 Nxg3 11. hxg3 c6 12. e3 Nf6 13. Bd3 {[#]} Kf8 $146 ({Predecessor:} 13... Be6 14. a3 Bd6 15. Na4 Qe7 16. Nc5 Bg4 17. Be2 Bf5 18. g4 Bg6 19. b4 Kf8 {1-0 (38) Kulaots,K (2597)-Repka,C (2452) Minsk 2017}) 14. a3 Bd6 15. b4 (15. O-O $11) 15... Qe7 16. Nb3 Kg7 17. Qd2 b6 18. O-O a5 $1 19. bxa5 Bxa3 20. Rc2 ({White should play} 20. Ra1 $15) 20... c5 $1 $17 21. dxc5 bxc5 22. Bb5 Be6 23. Qe2 Rhb8 24. a6 Ra7 (24... Bg4 $17 25. f3 Bc8) 25. Na5 $14 Bd7 26. Nc6 Bxc6 27. Bxc6 d4 28. Nd5 Qd6 29. Nxf6 Kxf6 (29... d3 $16 30. Qd1 (30. Nh5+ Kf8 $16) 30... Qxf6 31. Qxd3 Qxc6 32. Qxa3 Rxa6 33. Qc3+ (33. Qxc5 Qxc5 34. Rxc5 Rb2 $14) (33. Rxc5 Qxg2+ 34. Kxg2 Rxa3 $11) 33... f6) 30. exd4 $18 cxd4 31. Bb7 {Black must now prevent Rc6.} Kg7 (31... d3 $142 32. Qf3+ Kg7) 32. Rc6 Qe7 33. Qc4 Rd8 34. Rd1 Qb4 35. Qxb4 Bxb4 {[#]} 36. Rc4 $1 {[%cal Rc4b4]} Bf8 37. Rdxd4 ({Much less strong is} 37. Rcxd4 Rxd4 38. Rxd4 Kf6 $18) 37... Re8 38. Rd7 Re1+ 39. Kh2 {aiming for Rcc7.} Re6 (39... Kf6 $142 40. Rc3 Re7) 40. Rcc7 Rf6 41. Kg1 (41. Bd5 $142 Rxc7 42. Rxc7) 41... Bb4 42. Bc8 Ra8 43. Kf1 Ba5 44. Rc2 Bb6 {[#]} 45. f3 $1 h5 46. Bb7 Ra7 47. Ke2 Bg1 48. Rd5 Kg6 49. Ra2 Re6+ 50. Kd3 Re3+ 51. Kc4 Re7 52. Raa5 f6 53. Rab5 (53. Rdb5 $18) 53... Re6 $16 54. Ra5 (54. f4 $16 Re4+ 55. Kb3) 54... Bf2 $2 (54... Re7 $1 $11) 55. f4 $18 {Hoping for f5+.} Re4+ 56. Kb5 {Rd2 is the strong threat.} gxf4 57. gxf4 Rxf4 58. Kc6 (58. Ra2 $18) 58... h4 (58... Rc4+ $16 59. Kb5 Rc7) 59. Kc7 Rb4 60. Kb8 Rb2 61. Rab5 Re2 62. Rd8 Ra2 $2 (62... Re6 $16 63. Rb2 Be3) 63. Rg8+ Kh6 64. Bf3 {[%csl Gf3][%cal Rb5h5]} Kh7 65. Rg4 {[%cal Rb5h5]} Kh6 {[#]} 66. Rh5+ $3 {[%mdl 576] Decoy} Kxh5 67. Ra4+ $1 {[%mdl 64] Discovered Attack} Kg5 68. Rxa2 $16 {[%mdl 4096] Endgame KRB-KRB} Bg1 (68... f5 $16 {was called for.} 69. Bb7 (69. Rxf2 Rxa6 70. Rf1 h3 $14) 69... Be3) 69. Bb7 $18 f5 (69... Bb6 {is a better defense.} 70. Rb2 Bd4) 70. Ra3 Kg4 71. Kc7 f4 72. Rh3 Bf2 73. Kd6 Bg3 74. Ke6 Kg5 75. Rh1 f3 76. gxf3 Kf4 77. Kf6 Bf2 78. Rh3 Bg3 79. Kg6 Bf2 80. Kh5 Bg3 81. Rh1 Bf2 82. Rf1 (82. Ra1 $18) 82... Bg3 $16 83. Ra1 ({Better is} 83. Rb1 $16) 83... h3 $11 {The position is equal.} 84. Rh1 h2 85. Kg6 Rxb7 86. axb7 Kxf3 {KR-KB} 87. Rb1 Kg2 88. Rb2+ Kg1 89. Rb3 Bb8 90. Rb1+ Kg2 91. Rb2+ Kg1 92. Rxh2 Kxh2 {White really could win this.  Weighted Error Value: White=0.24/Black=0.30} 1/2-1/2

[Event "11th A.Margaryan Memorial 2021"]
[Site "Yerevan"]
[Date "2021.01.13"]
[Round "5.4"]
[White "Hayrapetyan, Hovik"]
[Black "Gharibyan, Mamikon"]
[Result "1-0"]
[WhiteElo "2488"]
[BlackElo "2432"]
[Annotator "TA"]
[PlyCount "69"]
[EventDate "2021.01.09"]
[EventType "tourn"]
[EventCountry "ARM"]
[SourceTitle "playchess.com"]
[Source "ChessBase"]
[SourceQuality "1"]

{[%evp 23,69,0,8,0,0,0,0,0,4,0,4,4,93,22,187,194,281,277,280,225,131,95,93,87,89,89,142,142,134,133,133,0,46,0,139,126,124,117,122,121,237,245,29986,29987,29987,29988,29995,29996]} 1. Nf3 d5 2. d4 Nf6 3. c4 e6 4. Nc3 Bb4 5. e3 O-O 6. Bd3 c5 7. O-O cxd4 8. exd4 dxc4 9. Bxc4 b6 10. Bg5 Bb7 11. Qe2 Nbd7 12. Rac1 Bxc3 {The old main line.} 13. Rxc3 {Hoping for Ne5. E54: Nimzo-Indian: Rubinstein: Main Line: 7...dxc4 8 Bxc4.} Qb8 14. Bh4 Qf4 15. Bg3 {The position is equal.} Qf5 16. Ne5 Nxe5 {[#]} 17. Bxe5 $146 {With the idea Rg3.} ({Predecessor:} 17. dxe5 Ne4 18. Re3 Nxg3 19. hxg3 Rfd8 20. f4 h5 21. Rd1 Rac8 22. b3 Qg4 23. Qxg4 hxg4 {1-0 (76) Iordachescu,V (2560)-Ibrahimov,R (2415) Minsk 2000}) 17... Ne4 (17... Rfc8 $11 {remains equal.}) 18. Rh3 (18. Re3 $1 $16) 18... Ng5 $2 (18... f6 $1 $11 {and Black is okay.} 19. Bc7 Rfe8) 19. Rh4 $18 {Strongly threatening Bd3.} Qg6 (19... f6 {was called for.}) 20. f4 $1 {[%cal Rf4g5]} Qe4 21. Qf2 Qc6 22. fxg5 Qxc4 23. Rf4 $1 Rac8 {[#]} 24. Bxg7 $1 Kxg7 (24... Ba6 $142) 25. Rxf7+ $16 Rxf7 26. Qxf7+ {[%mdl 64] Double Attack} Kh8 27. Qf6+ (27. Qxb7 $16 {aiming for Qd7.} Qxd4+ 28. Kh1) 27... Kg8 $14 {...e5 is the strong threat.} 28. Qf7+ ({White should try} 28. g6 $14 Qc7 29. Qxe6+ Kh8 30. Qf6+ Kg8 31. gxh7+ Kxh7 32. Re1) 28... Kh8 $16 29. Qxb7 Qxd4+ {[%mdl 4096] Endgame KQR-KQR} 30. Kh1 Rg8 31. Qe7 Qe5 {[#]} (31... Qd8 $16 32. Qxa7 Qxg5) 32. h4 $1 $40 {[%mdl 128] White is out for blood.} Qg3 $2 (32... a6 $18 33. b3 a5) 33. Qf6+ {White mates.} Rg7 34. Rd1 {[%cal Rd1d8]} Qxh4+ 35. Kg1 {[%cal Rd1d8] Weighted Error Value: White=0.20/Black=0.68} 1-0

[Event "11th A.Margaryan Memorial 2021"]
[Site "Yerevan"]
[Date "2021.01.13"]
[Round "5.5"]
[White "Daneshvar, Bardiya"]
[Black "Mikaelyan, Arman"]
[Result "1-0"]
[WhiteElo "2399"]
[BlackElo "2485"]
[Annotator "TA"]
[PlyCount "98"]
[EventDate "2021.01.09"]
[EventType "tourn"]
[EventCountry "ARM"]
[SourceTitle "playchess.com"]
[Source "ChessBase"]
[SourceQuality "1"]

{[%evp 15,98,79,72,35,65,60,81,54,43,12,0,7,0,-3,-12,-22,-8,-42,0,0,0,-1,4,23,50,12,11,9,39,16,78,66,133,114,264,289,267,290,280,273,277,288,396,199,249,252,240,236,206,216,242,229,294,300,291,288,289,310,383,346,479,477,480,454,777,817,1413,1360,1408,1028,1079,1072,1050,1052,2298,2462,2164,1431,1134,1019,1486,1039,5385,4230,29991]} 1. d4 g6 2. c4 Bg7 3. Nc3 c5 4. d5 d6 5. e4 Nf6 6. Nf3 O-O 7. h3 e5 8. g4 Na6 9. Bd3 {E90: King's Indian: Classical: Early deviations and 6 h3.} Bd7 10. a3 Rb8 {[#]} 11. Qe2 $146 {White is better.} ({Predecessor:} 11. Bd2 Qc8 12. Qc1 Nc7 13. a4 h5 14. g5 Nfe8 15. h4 Na6 16. Nb5 Ra8 17. a5 {1-0 (42) Garcia Palermo,C (2515)-Hickl,J (2430) Dubai 1986}) 11... Nc7 12. b4 cxb4 13. axb4 b5 $1 14. Rb1 bxc4 15. Bxc4 a6 16. Be3 h5 17. g5 $36 {[%mdl 2048] White has the initiative.} Nh7 18. Bxa6 Nxa6 19. Qxa6 Qc7 20. Kd2 f5 $1 {[%cal Rf5e4] [#] Threatens to win with ...fxe4.} 21. gxf6 $1 Rxf6 22. Ne1 (22. Qa7 $2 Qxa7 23. Bxa7 Rb7 $19) 22... Bc8 (22... Rc8 $11 23. Rb3 Rf4) 23. Qa5 $16 Qc4 (23... Qe7 $14) 24. Nd3 Rf3 {This move loses the game for Black.} (24... Bb7 $16) 25. Qd8+ $18 Nf8 26. Qxd6 Ba6 27. Nb2 (27. Nxe5 Bxe5 28. Qxe5 Re8 $11) 27... Qc8 28. b5 Bh6 29. Nd3 (29. bxa6 Rxf2+ 30. Kd3 (30. Ne2 Bxe3+ 31. Kxe3 Rxe2+ {[%mdl 64] Decoy} 32. Kxe2 Qc2+ {[%mdl 64] Double Attack} 33. Ke1 Qxb1+ 34. Nd1 Qxe4+ {[%mdl 64] Double Attack} 35. Kd2 Rc8 $19) 30... Bxe3 $16) (29. Qxa6 $142 Rxf2+ 30. Kd3) 29... Rxf2+ 30. Nxf2 Bxe3+ 31. Kd3 Rb6 32. Qa3 Bc5 33. Qa2 ({Not} 33. bxa6 Rxb1 34. Qa4 Rxh1 $19) 33... Rf6 {And now ...Rf3+ would win.} 34. Nfd1 (34. bxa6 Rf3+ 35. Kd2 Be3+ 36. Kd1 Qxc3 $11) 34... Bb7 35. Qg2 Nd7 36. Rf1 Rd6 37. Na4 Qa8 38. Ndc3 {White is clearly winning.} Bd4 39. Rb4 ({Less strong is} 39. Qf3 Qe8 $18) 39... Kg7 (39... Qd8 $142 40. Rc4 Kh8) 40. Qg5 {Qe7+ is the strong threat.} Nf6 41. Rxd4 {[%mdl 64] Remove Defender, Decoy} exd4 {[#]} 42. Qe5 $1 Qd8 43. Qxd4 Kh6 44. Kc2 Nxd5 45. exd5 Bxd5 46. Nxd5 Rxd5 47. Qe3+ Kg7 48. Nc3 Rg5 49. b6 Qc8 {Weighted Error Value: White=0.16/Black=0.31} 1-0